ბათუმის შოთა რუსთაველის სახელმწიფო უნივერსიტეტის ბიბლიოთეკა

ქართველურ ენათა სტრუქტურის საკითხები : (ბიბ.ჩანაწერი № 51103)

000 -ლიდერი
ფიქსირებული სიგრძის საკონტროლო ველი 01165nam a2200229Ia 4500
001 - საკონტროლო ნომერი
საკონტროლო ველი 18060
003 - საკონტროლო ნომრის იდენტიფიკატორი
საკონტროლო ველი GE_BSU
005 - ბოლო ოპერაციის თარიღი და დრო
საკონტროლო ველი 20240118150313.0
008 - ფიქსირებული სიგრძის მონაცემთა ელემენტები - ზოგადი ინფორმაცია
ფიქსირებული სიგრძის საკონტროლო ველი 181216s1959||||ge |||||||||||||| ||geo||
040 ## - კატალოგიზაციის წყარო
Transcribing agency GE_BSU
041 ## - ენის კოდი
Language code of text/sound track or separate title geo
080 ## - უნივერსალური ათობითი კლასიფიკაციის ინდექსი
Universal Decimal Classification number 811.353(058) ქ-27
245 ## - ცნობა სათაურის შესახებ
Title ქართველურ ენათა სტრუქტურის საკითხები :
Remainder of title კრებული. ტ.1 /
Statement of responsibility, etc რედ. ვ. თოფურია, ა. კიზირია; საქ. სსრ მეცნ. აკად., ენათმეცნიერების ინ-ტი.
264 ## - წარმოების, გამოცემის, დისტრიბუციის და სხვა ცნობები
გამოცემის, წარმოების, დისტრიბუციის... ადგილი თბილისი :
გამოცემის, წარმოების, დისტრიბუციის... სახელწოდება საქ. სსრ მეცნ. აკად., ენათმეცნიერების ინ-ტი,
გამოცემის, წარმოების, დისტრიბუციის... თარიღი 1959.
300 ## - ფიზიკური აღწერა
Extent 311 გვ. ;
Other physical details 26 სმ.
501 ## - შენიშვნა თანმხლებ მასალაზე
With note პარალ თავფურც. რუს ენ
520 ## - SUMMARY, ETC.
Summary, etc .:რეზ. რუს. ენაზე.
653 ## - INDEX TERM--UNCONTROLLED
Uncontrolled term ქართველური ენები
700 ## - ADDED ENTRY--PERSONAL NAME
Personal name თოფურია, ვ.
Relator term რედაქტორი
9 (RLIN) 1040
700 ## - ADDED ENTRY--PERSONAL NAME
Personal name კიზირია, ა.
Relator term რედაქტორი
9 (RLIN) 21078
942 ## - ADDED ENTRY ELEMENTS (KOHA)
Koha item type წიგნი
Source of classification or shelving scheme
ეგზემპლარები
ჩამოწერის სტატუსი დაკარგული ეგზემპლარის სტატუსი კლასიფიკაციის წყარო ან თაროზე გაწყობის სქემა დაზიანების სტატუსი არ გაიცემა მუდმივი მდებარეობა (დაცვის ადგილი) ამჟამინდელი ადგილსამყოფელი თაროზე განთავსების ადგილი შეძენის თარიღი სრული შენახვის შიფრი შტრიხკოდი ბოლო ოპერაციის თარიღი ეგზემპლარის მიმდევრობითი ნომერი (კეტერი?) ფასის ძალაში შესვლის თარიღი ეგზემპლარის სახეობა
          ბათუმის შოთა რუსთაველის სახელმწიფო უნივერსიტეტის მთავარი ბიბლიოთეკა ბათუმის შოთა რუსთაველის სახელმწიფო უნივერსიტეტის მთავარი ბიბლიოთეკა წიგნსაცავი 2018-12-17 811.353(058) ქ-27 46035 2018-12-17 46035 2018-12-17 წიგნი
          ბათუმის შოთა რუსთაველის სახელმწიფო უნივერსიტეტის მთავარი ბიბლიოთეკა ბათუმის შოთა რუსთაველის სახელმწიფო უნივერსიტეტის მთავარი ბიბლიოთეკა წიგნსაცავი 2018-12-17 811.353(058) ქ-27 46036 2018-12-17 46036 2018-12-17 წიგნი